00593nam a2200169 a 450000100100000000500170001000800410002702000150006804000250008308200150010810000330012324500910015626000510024730000280029850000700032650400270039600002641620200930030218.0110317s2004 dr a 000 0 spa d a9993499250 aDO-SdBNPbspacBNPHU axxxbM671p1 aMirabal, Yoselman R.,d1969-10aPresiones ministeriales :bla cruda realidad de ser un líder /cYoselman R. Mirabal. aSanto Domingo :bMirabal Produciones,c[s.f.]. a129 p. :bil. ;c22 cm. aIncluye datos biográficos del autor en la solapa de la cubierta aBibliografías p. 129